The instant exam review for the USMLE step 2 (Record no. 35880)

MARC details
000 -LEADER
fixed length control field 00599nam a2200193Ia 4500
020 ## - INTERNATIONAL STANDARD BOOK NUMBER
ISBN 0838543286
050 ## - CALL MARK
Classification number R 834 .5 .G65/
100 ## - STATEMENT OF RESPONSIBILITY--MAIN AUTHOR NAME
Personal name Goldberg, Joel S.
245 #4 - TITLE STATEMENT
Title The instant exam review for the USMLE step 2
250 ## - EDITION / VOLUME STATEMENT
Edition / Volume statement 2nd ed.
260 ## - PUBLICATION, DISTRIBUTION, ETC. (IMPRINT)
Place of publication Stamford
260 ## - PUBLICATION, DISTRIBUTION, ETC. (IMPRINT)
Name of publisher Appleton & Lange
260 ## - PUBLICATION, DISTRIBUTION, ETC. (IMPRINT)
Year of publication 1996
300 ## - PHYSICAL DESCRIPTION
Number of Pages 475 p
650 ## - SUBJECT ADDED ENTRY--TOPICAL TERM
Topical Term Medicine --Examinations, questions, etc. Medicine --Outlines, syllabi, etc. Clinical Medicine --examination questions. Clinical Medicine --outlines.
942 ## - ADDED ENTRY ELEMENTS (KOHA)
Koha item type Books
Holdings
Withdrawn status Lost status Source of classification or shelving scheme Damaged status Not for loan Permanent Location Current Location Date acquired Accession Number Price effective from Koha item type
    Library of Congress Classification     NILE UNIVERSITY OF NIGERIA - MAIN LIBRARY NILE UNIVERSITY OF NIGERIA - MAIN LIBRARY 04/23/2025 0010594 04/23/2025 Books